000 02381 a2200541 4500
020 _a0824796772
020 _a9780824796778
082 0 4 _a658.575
090 _c537
_d537
100 1 _aMoss, Marvin.
245 1 0 _aApplying tqm to product design and development /
_cMarvin Moss.
250 _a1st ed.
260 _a[S.l.] :
_bCRC Press,
_c1995.
300 _a440 p. ;
_c24 cm.
490 1 _aQuality and reliability.
500 _aHardcover.
520 _aThis practical guide covers all phases of the application of Total Quality Management (TQM) to product design and development;from initial concept to customer support;addressing critical questions such as: What is total quality and how is total quality managed in the real world? What does total quality cost? How is TQM useful in the computer and software industries? Who controls the quality of tangible products? Where do procedures and processes management and employee motivation come in?
650 4 _aScience/Mathematics.
650 4 _aManagement Techniques.
650 4 _aProduct Design.
650 4 _aTotal Quality Management (Engineering)
650 4 _aIndustrial quality control.
650 4 _aMechanical engineering.
650 4 _aQuality Assurance (QA) & Total Quality Management (TQM)
650 4 _aResearch & development management.
650 4 _aTechnical design.
650 4 _aBusiness / Economics / Finance.
650 4 _aTechnology & Engineering.
650 4 _aQuality Control.
650 4 _aDesign, Industrial.
650 4 _aIndustrial design.
650 4 _aManagement.
650 4 _aNew products.
650 4 _aTotal quality management.
650 4 _aBUSINESS & ECONOMICS / Project Management.
650 4 _aBusiness & Economics / Development / Business Development.
650 4 _aDevelopment - Business Development.
650 4 _aEngineering - Industrial.
650 4 _aEntrepreneurship.
650 4 _aIndustrial Engineering.
650 4 _aTECHNOLOGY & ENGINEERING / Quality Control.
650 4 _aTECHNOLOGY / Quality Control.
650 4 _aTechnology & Engineering / Mechanical.
830 0 _aQuality and reliability.
856 4 0 _3Amazon.com
_uhttp://www.amazon.com/exec/obidos/ASIN/0824796772/chopaconline-20
856 4 0 _3Amazon customer reviews
_uhttp://www.chopac.org/cgi-bin/tools/azrev.pl?q=0824796772
942 _aNBS
_cBK
_k658.5 MOS
999 _c343095
_d343095